000 00481nam a2200181 a 4500
005 20140310183316.0
008 051123s19uu xx 00 eng d
020 _a8171795986
050 _aRT 81.5
_b.B297 2003
100 _aBasavanthappa, B T
245 _aNursing research /
_cB T Basavanthappa.
260 _aNew Delhi :
_bJaypee Brothers,
_c2003.
300 _a337 p. :
_c23 cm.
521 _aNUR
650 _aNursing research
942 _cBK
_2lcc
_kFOR
999 _c21295
_d21295